| 000 | 01091nam a2200313 i 4500 | ||
|---|---|---|---|
| 003 | CO-BoRNBP | ||
| 005 | 20230308133522.0 | ||
| 007 | ta | ||
| 008 | 221201s2022 ck ||||er ||| 00| 0 spa d | ||
| 020 | _a9789585367449 | ||
| 040 |
_aCO-BoRNBP _bspa _cCO-BoRNBP _erda |
||
| 041 | 1 |
_aspa _heng |
|
| 082 | 0 | 4 |
_a181.4 _bK73a |
| 100 | 1 |
_aKrishnamurti, Jiddu _d1895-1986 _eautor _958 |
|
| 245 | 1 | 3 |
_aEl arte de aprender juntos _cdiálogos con J. Krishnamurti |
| 250 | _aEdición especial | ||
| 264 |
_aBogotá, Colombia _bEdiciones Gaviota _c2022 |
||
| 300 |
_a208 páginas _c23 cm |
||
| 336 |
_atexto _btxt _2rdacontent |
||
| 337 |
_asin mediación _bn _2rdamedia |
||
| 338 |
_avolumen _bnc _2rdacarrier |
||
| 490 | 0 | _aPlan Nacional de Lectura y Escritura Leer es mi Cuento / Ministerio de Cultura | |
| 521 | _aRecomendado para un público adulto | ||
| 600 | 1 | 4 |
_aKrishnamurti, Jiddu _d1895-1986 _xProclamas y discursos _959 |
| 650 | 1 | 7 |
_aFilosofía india _xEnsayos _2LEMB _960 |
| 650 | 1 | 7 |
_aAutocontrol _xEnsayos _2LEMB _961 |
| 650 | 1 | 7 |
_aConducta (Ética) _xEnsayos _2ARMARC _962 |
| 942 |
_2ddc _cBK |
||
| 999 |
_c9197 _d9197 |
||